Statistics for NFL Guess Who

Click here to take the quiz!

General Stats

  • This quiz has been taken 164 times
  • The average score is 5 of 15

Answer Stats

QuestionAnswer% Correct
Former pass rusher for Dallas then DenverDeMarcus Ware
67%
Has not won vs Aaron Rodgers in the NFC ChampionshipDrew Brees
50%
Has not thrown for more than 50 tds in a seasonDan Marino
44%
2020 Draft 4th qb pickedJordan Love
39%
Was Ryan Fitzpatrick's teammateMatt Forte
39%
Former player for the Seahawks then RedskinsShaun Alexander
36%
2014 rushing yard leaderDeMarco Murray
35%
Was Picked before TJ Watt in 2017Tre'Davious White
31%
Was picked outside the top 10Marcus Peters
30%
1999 3rd overall pick to the Cincinnati BengalsAkili Smith
28%
Only qb to beat the 85 bearsDan Marino
24%
Played for Ohio StateOrlando Pace
24%
Never Tony Romo's backupJoe Webb
21%
Was picked in the top 5 of the 1989 NFL draft and was not a Hall of FamerTony Mandarich
16%
2019 Raiders 1st 1st round pickClelin Ferrell
15%

Score Distribution

Percentile by Number Answered

Percent of People with Each Score

Your Score History

You have not taken this quiz